|
|
แสดงรายละเอียดบรรณานุกรม |
|
|
Brief Record
: Get Marc (ISO 2709)
: E-mail record
: |
| LEADER 00000nama 2200000uu 4500 | |||
| 001 198971 | |||
| 003 ULIBM | |||
| 008 040531s|||| th m m a000 0 tha d | |||
| 041 tha | |||
| 050 วจ. WQ200 ร333พ 2547. | |||
| 100 รัชนี พจนา. | |||
| 245 พฤติกรรมการดูแลตนเองของหญิงตั้งครรภ์ ที่มีการเจ็บครรภ์คลอดก่อนกำหนด = Self - Care Behavior of Premature labor pain Pregnant/ รัชนี พจนา,ดวงชีวัน บูรณะกิจ. | |||
| 260 ขอนแก่น. วิทยาลัยพยาบาลบรมราชชนนี ขอนแก่น. 2547. | |||
| 300 40 หน้า. | |||
| 600 1.วิทยาลัยพยาบาลบรมราชชนนี ขอนแก่น. | |||
| 650 1.การดูแลตนเอง - - หญิงตั้งครรภ์ 2.การคลอดก่อนกำหนด. | |||
| 995 004 | |||
| คุณยังไม่ได้ล็อกอิน คุณสามารถมีกิจกรรมร่วมกับเว็บไซต์ได้ แต่ต้องล็อกอินก่อน :: |
|
| สถานะ | |||||||||
| 1. | งานวิจัย | วจ. WQ200 ร333พ 2547. | On Shelf ขอยืม | ||||||
| [แสดง 1/1 รายการ] | |||||||||
BibComment |
| คอมเมนท์ทรัพยากรรายการนี้ |
|
|